[Event "3MCR_4D_1L_1S"]
[Site "?"]
[Date "1999.??.??"]
[Round "1"]
[White "Smalcl, Frantisek"]
[Black "Talla, Vladimir"]
[Result "0-1"]
[WhiteElo "2490"]
[BlackElo "2310"]
[PlyCount "82"]
[EventDate "1999.??.??"]
[EventType "corr"]

1. d4 Nf6 2. c4 g6 3. Nc3 Bg7 4. e4 d6 5. Nf3 O-O 6. Be2 e5 7. O-O Nc6 8. d5
Ne7 9. Nd2 a5 10. a3 Nd7 11. Rb1 f5 12. b4 Kh8 13. f3 axb4 14. axb4 c6 15. Kh1
Nf6 16. Nb3 cxd5 17. cxd5 f4 18. Na5 g5 19. Nc4 Ng6 20. b5 Rg8 21. Ba3 Bf8 22.
b6 h5 23. Ra1 g4 24. Nb5 Rxa3 25. Rxa3 g3 26. Nbxd6 Bxd6 27. Nxd6 Qxd6 28. Qc1
Qxb6 29. Ra8 Bd7 30. Rxg8+ Kxg8 31. hxg3 Qd4 32. gxf4 Nxf4 33. Qd1 b5 34. g3
Nxe2 35. Qxe2 b4 36. Rd1 Bb5 37. Qe1 Qc4 38. Rc1 Qd3 39. Kg2 b3 40. Qf2 Kf7 41.
Re1 Kg6 0-1

[Event "3MCR_4D_1L_1S"]
[Site "?"]
[Date "1999.??.??"]
[Round "1"]
[White "Talla, Vladimir"]
[Black "Valtera, Jiri"]
[Result "1-0"]
[WhiteElo "2310"]
[BlackElo "2340"]
[PlyCount "101"]
[EventDate "1999.??.??"]
[EventType "corr"]

1. e4 c5 2. Nf3 d6 3. d4 cxd4 4. Nxd4 Nf6 5. Nc3 a6 6. Be2 e5 7. Nb3 Be7 8. O-O
O-O 9. Be3 Be6 10. Qd2 Nbd7 11. a4 Nb6 12. a5 Nc4 13. Bxc4 Bxc4 14. Rfd1 h6 15.
Nc1 Rc8 16. Nd3 Be6 17. Bb6 Qe8 18. f3 Nd7 19. Be3 f5 20. exf5 Rxf5 21. Nb4 Nf6
22. Nbd5 Nxd5 23. Nxd5 Bf8 24. b3 Qg6 25. Qd3 Bxd5 26. Qxd5+ Qf7 27. c4 Qxd5
28. Rxd5 Kf7 29. Re1 g6 30. Bb6 Ke6 31. Kf2 h5 32. Ke3 Be7 33. Ke4 Rf4+ 34. Kd3
Rf5 35. Be3 g5 36. Ke4 g4 37. f4 Rcf8 38. Rf1 Rg8 39. Rfd1 Rgf8 40. fxe5 Rxe5+
41. Rxe5+ dxe5 42. c5 Rd8 43. Rxd8 Bxd8 44. b4 Kd7 45. Kd5 Bf6 46. Bd2 Bd8 47.
Bc3 h4 48. g3 hxg3 49. hxg3 Bf6 50. Bxe5 Bg5 51. Bc3 1-0

[Event "3MCR_4D_1L_1S"]
[Site "?"]
[Date "1999.??.??"]
[Round "1"]
[White "Valtera, Jiri"]
[Black "Nemec, Jaroslav"]
[Result "0-1"]
[WhiteElo "2340"]
[BlackElo "2310"]
[PlyCount "88"]
[EventDate "1999.??.??"]
[EventType "corr"]

1. d4 Nf6 2. Nf3 g6 3. c4 Bg7 4. Nc3 d5 5. Qa4+ Bd7 6. Qb3 dxc4 7. Qxc4 O-O 8.
e4 b5 9. Qb3 c5 10. dxc5 Na6 11. e5 Ng4 12. Bxb5 Nxc5 13. Qc4 Rc8 14. O-O Be6
15. Qf4 a6 16. Be2 Qc7 17. Rd1 Nxe5 18. Ng5 Bf5 19. Qh4 h5 20. h3 Bc2 21. Rd2
Bd3 22. f4 Bxe2 23. Rxe2 Nc6 24. Be3 Nd4 25. Bxd4 Bxd4+ 26. Kh1 Bxc3 27. bxc3
e6 28. Rd1 Rcd8 29. Red2 Rxd2 30. Rxd2 Rd8 31. Rxd8+ Qxd8 32. Qf2 Qd5 33. Qb2
Qd1+ 34. Kh2 Qd6 35. Qb4 a5 36. Qc4 Kf8 37. Nf3 Qd5 38. Qxd5 exd5 39. Nd2 Ne4
40. Nb1 Ke7 41. g4 Kd6 42. Kg2 hxg4 43. hxg4 Kc5 44. Kf3 Kc4 0-1

[Event "3MCR_4D_1L_1S"]
[Site "?"]
[Date "1999.??.??"]
[Round "1"]
[White "Chytilek, Roman"]
[Black "Smalcl, Frantisek"]
[Result "1/2-1/2"]
[WhiteElo "2275"]
[BlackElo "2490"]
[PlyCount "95"]
[EventDate "1999.??.??"]
[EventType "corr"]

1. e4 e5 2. Nf3 Nc6 3. Bc4 Bc5 4. b4 Bxb4 5. c3 Be7 6. d4 Na5 7. Be2 exd4 8.
Qxd4 Nf6 9. e5 Nc6 10. Qh4 Nd5 11. Qg3 g6 12. O-O O-O 13. c4 Nb6 14. Nc3 d6 15.
Bh6 Re8 16. Rad1 Bd7 17. c5 dxc5 18. Ne4 Qc8 19. Bg5 Bf5 20. Nf6+ Bxf6 21. Bxf6
Re6 22. Qh4 Qf8 23. Ng5 h6 24. Nxe6 Bxe6 25. Bf3 Re8 26. Be4 Nd4 27. Bxb7 Bxa2
28. Ra1 Bc4 29. Rfd1 Be2 30. Rd2 a5 31. f4 Bc4 32. Be4 Bd5 33. Bb1 Nd7 34. Rxa5
Nxf6 35. Qxf6 Re6 36. Qh4 Qb8 37. Rd1 Qb2 38. Qf2 Qc3 39. Qd2 Qxd2 40. Rxd2 Nb3
41. Rxd5 Nxa5 42. Be4 Re7 43. Rxc5 Nb3 44. Rc3 Nd4 45. Kf2 Ne6 46. Ke3 h5 47.
Rc6 Ng7 48. g3 1/2-1/2

[Event "3MCR_4D_1L_1S"]
[Site "?"]
[Date "1999.??.??"]
[Round "1"]
[White "Valtera, Jiri"]
[Black "Smalcl, Frantisek"]
[Result "1/2-1/2"]
[WhiteElo "2340"]
[BlackElo "2490"]
[PlyCount "85"]
[EventDate "1999.??.??"]
[EventType "corr"]

1. d4 d5 2. Nf3 Nf6 3. c4 e6 4. Nc3 Be7 5. Bg5 O-O 6. e3 Nbd7 7. Rc1 a6 8. cxd5
exd5 9. Bd3 c6 10. O-O Re8 11. Qc2 Nf8 12. Ne5 g6 13. h3 Ne6 14. Bh4 Nd7 15.
Bxe7 Qxe7 16. Nxd7 Bxd7 17. Na4 Rad8 18. Nb6 Qg5 19. a3 f5 20. f4 Qf6 21. b4
Re7 22. Qf2 Be8 23. Na4 Bf7 24. Nc3 Rde8 25. Nb1 Nc7 26. Rfe1 Re6 27. Re2 Qe7
28. Rce1 Kh8 29. Nd2 Bg8 30. Nf3 Ra8 31. Ne5 Ne8 32. g4 Nd6 33. gxf5 gxf5 34.
Kh2 Bf7 35. Rg1 Rh6 36. Qf1 a5 37. Reg2 axb4 38. axb4 Be6 39. Qf2 Qf8 40. Rg5
Ne8 41. Qg2 Nd6 42. Rg7 Re8 43. Rg3 1/2-1/2

[Event "3MCR_4D_1L_1S"]
[Site "?"]
[Date "1999.??.??"]
[Round "1"]
[White "Dufek, Jiri"]
[Black "Jandovsky, Viktor"]
[Result "1-0"]
[WhiteElo "2360"]
[BlackElo "2285"]
[PlyCount "102"]
[EventDate "1999.??.??"]
[EventType "corr"]

1. d4 Nf6 2. c4 g6 3. Nc3 Bg7 4. e4 d6 5. Nf3 O-O 6. Be2 e5 7. O-O Nc6 8. d5
Ne7 9. b4 Nh5 10. Re1 f5 11. Ng5 Nf6 12. Bf3 c6 13. Be3 cxd5 14. cxd5 h6 15.
Ne6 Bxe6 16. dxe6 fxe4 17. Nxe4 Nxe4 18. Bxe4 d5 19. Bc2 b6 20. Qg4 Rf6 21.
Rad1 Qd6 22. Bb3 Rd8 23. b5 Qxe6 24. Qxe6+ Rxe6 25. Bd2 Kf7 26. Bb4 Ke8 27. f3
Rd7 28. Kf2 Kd8 29. Bxe7+ Kxe7 30. Rxd5 Red6 31. Red1 Rxd5 32. Bxd5 Kf6 33. Ke3
Bf8 34. Ke4 Bc5 35. Rc1 g5 36. a4 Rc7 37. Bc6 Ke6 38. a5 h5 39. a6 Bd6 40. g3
Kf6 41. Kd5 Ba3 42. Rc3 Bf8 43. Rd3 Bc5 44. Ke4 Bd4 45. Rd1 Re7 46. Rc1 Rc7 47.
Kd5 Bb2 48. Rc4 Ba3 49. h4 gxh4 50. Rxh4 Rg7 51. Rxh5 Rxg3 1-0

[Event "3MCR_4D_1L_1S"]
[Site "?"]
[Date "1999.??.??"]
[Round "1"]
[White "Chytilek, Roman"]
[Black "Hlavac, Rudolf"]
[Result "1/2-1/2"]
[WhiteElo "2275"]
[BlackElo "2300"]
[PlyCount "85"]
[EventDate "1999.??.??"]
[EventType "corr"]

1. d4 Nf6 2. c4 g6 3. Nc3 d5 4. Nf3 Bg7 5. Qb3 dxc4 6. Qxc4 O-O 7. e4 a6 8. e5
b5 9. Qb3 Nfd7 10. h4 c5 11. e6 c4 12. exf7+ Rxf7 13. Qd1 Nb6 14. h5 Nc6 15.
hxg6 hxg6 16. Be3 Bg4 17. Be2 Nb4 18. Ng5 Bxe2 19. Qxe2 Rf6 20. Nce4 Rc6 21.
O-O Qd5 22. Nc3 Qd7 23. a4 Nxa4 24. Nxa4 bxa4 25. Rxa4 Rb8 26. Rc1 Qd5 27. Qg4
e5 28. dxe5 Bxe5 29. Bf4 Bxf4 30. Qxf4 Rb5 31. Re1 Qd7 32. Qh4 Nd3 33. Re4 Rxg5
34. Qxg5 Nc5 35. Raxc4 Nxe4 36. Rxe4 Qd1+ 37. Kh2 Qd6+ 38. g3 Rc5 39. Qg4 Rf5
40. Kg1 Kg7 41. Qe2 a5 42. Qe1 Qc5 43. b3 1/2-1/2

[Event "3MCR_4D_1L_1S"]
[Site "?"]
[Date "1999.??.??"]
[Round "1"]
[White "Leiner, Rainmund"]
[Black "Chytilek, Roman"]
[Result "0-1"]
[WhiteElo "2225"]
[BlackElo "2275"]
[PlyCount "94"]
[EventDate "1999.??.??"]
[EventType "corr"]

1. e4 c5 2. Nf3 d6 3. d4 cxd4 4. Nxd4 Nf6 5. Nc3 g6 6. Bc4 Bg7 7. h3 O-O 8. Bb3
b6 9. Bg5 Bb7 10. O-O Nbd7 11. f3 Qc7 12. Re1 Rfe8 13. Ndb5 Qc8 14. a3 a6 15.
Nd4 Qc7 16. Qd2 Ne5 17. Rad1 Nc4 18. Bxc4 Qxc4 19. Bh6 Bh8 20. Re3 Rac8 21.
Nce2 Qc7 22. Rc3 Qb8 23. Rxc8 Qxc8 24. c4 Nd7 25. b3 Bg7 26. Bxg7 Kxg7 27. Ng3
Kg8 28. Nf1 Qc5 29. b4 Qe5 30. Ne3 Rc8 31. Ne2 Nf6 32. Qc3 Nd7 33. Qb3 a5 34.
Ng4 Qh5 35. Nf4 Qh4 36. Nd5 Bxd5 37. cxd5 axb4 38. axb4 h5 39. Ne3 Ne5 40. Nf1
b5 41. Rb1 Ra8 42. Ne3 Qf6 43. Rf1 Rc8 44. Nc2 Nc4 45. Rd1 Ra8 46. Kh1 g5 47.
Kg1 Qf4 0-1

[Event "3MCR_4D_1L_1S"]
[Site "?"]
[Date "1999.??.??"]
[Round "1"]
[White "Sekanina, Jiri"]
[Black "Valtera, Jiri"]
[Result "1-0"]
[WhiteElo "2355"]
[BlackElo "2340"]
[PlyCount "93"]
[EventDate "1999.??.??"]
[EventType "corr"]

1. c4 Nf6 2. Nc3 e5 3. Nf3 Nc6 4. g3 Bc5 5. Bg2 d6 6. d3 h6 7. O-O O-O 8. a3 a5
9. b3 Bg4 10. h3 Be6 11. Bb2 Qd7 12. Kh2 Rfe8 13. e3 Bb6 14. d4 exd4 15. exd4
Bf5 16. d5 Ne5 17. Nxe5 dxe5 18. Qd2 Bd4 19. Rfe1 Rad8 20. Na4 Bxb2 21. Nxb2 b6
22. Qc3 e4 23. Na4 Nh7 24. Rad1 Ng5 25. d6 Qc6 26. dxc7 Qxc7 27. Qe3 Re6 28.
Rd5 Rxd5 29. cxd5 Rf6 30. Rc1 Qd6 31. Nc3 Qxa3 32. Nxe4 Nxe4 33. Bxe4 Qf8 34.
Kg2 Bd7 35. Qd4 Rd6 36. Qe5 f6 37. Qf4 b5 38. Rc7 a4 39. bxa4 bxa4 40. Ra7 f5
41. Bd3 Qf6 42. Qe3 Qf7 43. Bc4 f4 44. Qxf4 Qxf4 45. gxf4 Kf8 46. h4 Ke8 47.
Kf3 1-0

[Event "3MCR_4D_1L_1S"]
[Site "?"]
[Date "1999.??.??"]
[Round "1"]
[White "Valtera, Jiri"]
[Black "Lexa, Vaclav"]
[Result "1/2-1/2"]
[WhiteElo "2340"]
[BlackElo "2365"]
[PlyCount "107"]
[EventDate "1999.??.??"]
[EventType "corr"]

1. e4 c5 2. Nf3 d6 3. d4 cxd4 4. Nxd4 Nf6 5. Nc3 a6 6. Bc4 e6 7. Bb3 b5 8. O-O
Be7 9. Qf3 Qb6 10. Be3 Qb7 11. Qg3 O-O 12. Bh6 Ne8 13. Rfe1 Bd7 14. Rad1 Kh8
15. Bg5 Nc6 16. Bxe7 Nxe7 17. a3 Rc8 18. Re2 Ng6 19. Nf3 Bc6 20. Ng5 Ne5 21. f4
Nc4 22. f5 e5 23. Kh1 h6 24. Nf3 Nxb2 25. Rb1 b4 26. axb4 Qxb4 27. Nxe5 dxe5
28. Rxb2 Nf6 29. Rb1 Bd7 30. Nd5 Nxd5 31. exd5 f6 32. Qd3 Rc3 33. Qxa6 Bxf5 34.
Rf2 Be4 35. Rd1 Qc5 36. Qf1 f5 37. Re2 Qd6 38. Qf2 Rd8 39. Re3 Qb6 40. Re2 Qxf2
41. Rxf2 Rd6 42. Re2 Kg8 43. Kg1 Kf7 44. Kf2 Ke7 45. Ra1 h5 46. Ra5 h4 47. Ke1
h3 48. g4 Kf6 49. gxf5 Bxf5 50. Kf2 e4 51. Re3 Rc7 52. c4 Ke5 53. c5 Rg6 54.
Rg3 1/2-1/2

[Event "3MCR_4D_1L_2S"]
[Site "?"]
[Date "1999.??.??"]
[Round "2"]
[White "Pfeifer, Miroslav"]
[Black "Cerny, Jan"]
[Result "1/2-1/2"]
[WhiteElo "2255"]
[BlackElo "2350"]
[PlyCount "29"]
[EventDate "1999.??.??"]
[EventType "corr"]

1. e4 c6 2. d4 d5 3. exd5 cxd5 4. c4 Nf6 5. Nc3 e6 6. Nf3 Be7 7. cxd5 Nxd5 8.
Bd3 O-O 9. O-O Nc6 10. Re1 Bf6 11. Be4 Nce7 12. Ne5 g6 13. Qf3 Bg7 14. h4 Nc6
15. Bxd5 1/2-1/2

[Event "3MCR_4D_1L_2S"]
[Site "?"]
[Date "1999.??.??"]
[Round "2"]
[White "Odehnal, Miroslav"]
[Black "Cerny, Jan"]
[Result "1/2-1/2"]
[WhiteElo "2450"]
[BlackElo "2350"]
[PlyCount "43"]
[EventDate "1999.??.??"]
[EventType "corr"]

1. d4 d5 2. c4 c6 3. Nf3 Nf6 4. Nc3 dxc4 5. a4 Bf5 6. e3 e6 7. Bxc4 Bb4 8. O-O
O-O 9. Qe2 Ne4 10. Bd3 Bxc3 11. bxc3 Nxc3 12. Qc2 Bxd3 13. Qxd3 Nd5 14. Rb1 a5
15. Ba3 Nb4 16. Bxb4 axb4 17. Rxb4 Nd7 18. Qb1 b6 19. Rc1 c5 20. dxc5 bxc5 21.
Rb7 Nf6 22. Rxc5 1/2-1/2

[Event "3MCR_4D_1L_2S"]
[Site "?"]
[Date "1999.??.??"]
[Round "2"]
[White "Sohr, Vladimir"]
[Black "Cerny, Jan"]
[Result "1/2-1/2"]
[WhiteElo "2255"]
[BlackElo "2350"]
[PlyCount "57"]
[EventDate "1999.??.??"]
[EventType "corr"]

1. e4 c6 2. d4 d5 3. Nc3 dxe4 4. Nxe4 Nd7 5. Ng5 Ngf6 6. Bd3 e6 7. N1f3 Bd6 8.
Qe2 h6 9. Ne4 Nxe4 10. Qxe4 c5 11. Bd2 Qc7 12. O-O c4 13. Be2 Nf6 14. Qh4 Bd7
15. Ne5 Bxe5 16. dxe5 Qxe5 17. Bf3 Bc6 18. Bxc6+ bxc6 19. Bc3 Qf5 20. Qxc4 O-O
21. Bxf6 Qxf6 22. b3 Rfd8 23. Qxc6 Rac8 24. Qa6 Rxc2 25. Qxa7 Qb2 26. h3 Rdd2
27. Qa8+ Kh7 28. Qe4+ f5 29. Qxe6 1/2-1/2

[Event "3MCR_4D_1L_2S"]
[Site "?"]
[Date "1999.??.??"]
[Round "2"]
[White "Hlavac, Frantisek"]
[Black "Urbanek, Stepan"]
[Result "1/2-1/2"]
[WhiteElo "2200"]
[BlackElo "2405"]
[PlyCount "28"]
[EventDate "1999.??.??"]
[EventType "corr"]

1. e4 c5 2. f4 d5 3. exd5 Nf6 4. Nc3 Nxd5 5. Nf3 Nxf4 6. d4 Nd5 7. Bc4 e6 8.
O-O Be7 9. Ne4 cxd4 10. Nfg5 f5 11. Qh5+ g6 12. Qh6 Bf8 13. Qh3 Be7 14. Qh6 Bf8
1/2-1/2

[Event "3MCR_4D_1L_2S"]
[Site "?"]
[Date "1999.??.??"]
[Round "2"]
[White "Urbanek, Stepan"]
[Black "Kopec, Ladislav"]
[Result "1/2-1/2"]
[WhiteElo "2405"]
[BlackElo "2280"]
[PlyCount "31"]
[EventDate "1999.??.??"]
[EventType "corr"]

1. d4 Nf6 2. c4 g6 3. Nc3 Bg7 4. e4 d6 5. Be2 O-O 6. Bg5 c5 7. d5 h6 8. Bf4 e6
9. dxe6 Bxe6 10. Bxd6 Re8 11. Nf3 Qb6 12. Bxb8 Raxb8 13. Qc2 Nh5 14. g3 Bxc3+
15. Qxc3 Bh3 16. e5 1/2-1/2

[Event "3MCR_4D_1L_2S"]
[Site "?"]
[Date "1999.??.??"]
[Round "2"]
[White "Urbanek, Stepan"]
[Black "Sohr, Vladimir"]
[Result "1/2-1/2"]
[WhiteElo "2405"]
[BlackElo "2255"]
[PlyCount "49"]
[EventDate "1999.??.??"]
[EventType "corr"]

1. d4 Nf6 2. c4 g6 3. Nc3 Bg7 4. e4 d6 5. Be2 O-O 6. Bg5 c5 7. d5 h6 8. Bf4 Re8
9. Nf3 e6 10. dxe6 Bxe6 11. Bxd6 Nc6 12. O-O Nd4 13. e5 Nd7 14. Nxd4 cxd4 15.
Qxd4 Nxe5 16. Bxe5 Qxd4 17. Bxd4 Bxd4 18. Rac1 Rad8 19. b3 Bxc3 20. Rxc3 Rd2
21. Bf3 Rxa2 22. Bxb7 Rb8 23. Bc6 Ra3 24. Ba4 Rb4 25. Rfc1 1/2-1/2

[Event "3MCR_4D_1L_2S"]
[Site "?"]
[Date "1999.??.??"]
[Round "2"]
[White "Pfeifer, Miroslav"]
[Black "Odehnal, Miroslav"]
[Result "1/2-1/2"]
[WhiteElo "2255"]
[BlackElo "2450"]
[PlyCount "37"]
[EventDate "1999.??.??"]
[EventType "corr"]

1. e4 c5 2. f4 Nc6 3. Nf3 g6 4. Bb5 Bg7 5. Bxc6 bxc6 6. d3 d6 7. O-O c4 8. d4
Nf6 9. e5 Ne4 10. Nbd2 Nxd2 11. Bxd2 O-O 12. b3 Be6 13. Qe2 Bd5 14. Be3 cxb3
15. axb3 f6 16. Ra6 fxe5 17. dxe5 Qc8 18. Ra5 Qc7 19. Rfa1 1/2-1/2

[Event "3MCR_4D_1L_2S"]
[Site "?"]
[Date "1999.??.??"]
[Round "2"]
[White "Cerny, Jan"]
[Black "Zacek, Jiri"]
[Result "1-0"]
[WhiteElo "2350"]
[BlackElo "2305"]
[PlyCount "55"]
[EventDate "1999.??.??"]
[EventType "corr"]

1. d4 Nf6 2. Nf3 d5 3. c4 dxc4 4. Nc3 c6 5. a4 Bf5 6. Ne5 e6 7. f3 c5 8. e4
cxd4 9. exf5 Bb4 10. Bxc4 dxc3 11. Qxd8+ Kxd8 12. O-O Ke7 13. Nd3 cxb2 14. Bxb2
Rc8 15. Bb3 Nc6 16. fxe6 fxe6 17. f4 g6 18. Nxb4 Nxb4 19. Rae1 Rc6 20. f5 gxf5
21. Rxf5 Nd7 22. Rg5 Rf8 23. Ba3 Kf6 24. h4 a5 25. Rf1+ Ke7 26. Rxa5 Rxf1+ 27.
Kxf1 Rb6 28. Rb5 1-0

[Event "3MCR_4D_1L_2S"]
[Site "?"]
[Date "1999.??.??"]
[Round "2"]
[White "Zacek, Jiri"]
[Black "Urbanek, Stepan"]
[Result "1/2-1/2"]
[WhiteElo "2305"]
[BlackElo "2405"]
[PlyCount "49"]
[EventDate "1999.??.??"]
[EventType "corr"]

1. d4 Nf6 2. c4 e6 3. Nc3 Bb4 4. Qc2 O-O 5. a3 Bxc3+ 6. Qxc3 b6 7. Bg5 Bb7 8.
e3 h6 9. Bh4 d6 10. f3 Nbd7 11. Bd3 e5 12. Bf5 exd4 13. Qxd4 Ne5 14. O-O-O Qe7
15. Ne2 Ba6 16. Be4 Rad8 17. Ng3 c5 18. Qc3 Nxe4 19. Bxe7 Nxc3 20. bxc3 Nxc4
21. Nf5 Bc8 22. Nxd6 Nxd6 23. Rxd6 Rxd6 24. Bxd6 Rd8 25. Rd1 1/2-1/2

[Event "3MCR_4D_1L_2S"]
[Site "?"]
[Date "1999.??.??"]
[Round "2"]
[White "Cerny, Jan"]
[Black "Matousek, Jan_ml."]
[Result "1-0"]
[WhiteElo "2350"]
[BlackElo "2230"]
[PlyCount "45"]
[EventDate "1999.??.??"]
[EventType "corr"]

1. d4 Nf6 2. Nf3 e6 3. Bg5 c5 4. e3 h6 5. Bxf6 Qxf6 6. Nbd2 cxd4 7. exd4 Nc6 8.
c3 d5 9. Bd3 Bd6 10. Qe2 O-O 11. O-O Re8 12. Rae1 e5 13. Nxe5 Nxe5 14. dxe5
Rxe5 15. Qd1 Bd7 16. Rxe5 Qxe5 17. Nf3 Qh5 18. h3 Re8 19. Re1 Re6 20. Re2 a6
21. Rd2 Bf4 22. Nd4 Re8 23. Qxh5 1-0

[Event "3MCR_4D_1L_2S"]
[Site "?"]
[Date "1999.??.??"]
[Round "2"]
[White "Zatloukal, Petr"]
[Black "Cerny, Jan"]
[Result "1-0"]
[WhiteElo "2000"]
[BlackElo "2350"]
[PlyCount "51"]
[EventDate "1999.??.??"]
[EventType "corr"]

1. e4 c6 2. d4 d5 3. exd5 cxd5 4. c4 Nf6 5. Nc3 e6 6. Nf3 Be7 7. cxd5 Nxd5 8.
Bd3 O-O 9. O-O Nc6 10. Re1 Bf6 11. Be4 Nce7 12. Ne5 Ng6 13. Qh5 Re8 14. Bd2
Nde7 15. Rad1 Nf5 16. Bc1 Nd6 17. Re3 Nxe4 18. Nxe4 Bxe5 19. dxe5 Qh4 20. Qe2
Qe7 21. Nd6 Rd8 22. Red3 Qf8 23. h4 b6 24. b4 h6 25. h5 Ne7 26. Rg3 1-0

[Event "3MCR_4D_1L_2S"]
[Site "?"]
[Date "1999.??.??"]
[Round "2"]
[White "Hlavac, Frantisek"]
[Black "Pesa, Ladislav"]
[Result "1/2-1/2"]
[WhiteElo "2200"]
[BlackElo "2340"]
[PlyCount "39"]
[EventDate "1999.??.??"]
[EventType "corr"]

1. e4 e5 2. Nf3 Nf6 3. Nc3 Nc6 4. d4 exd4 5. Nxd4 Bb4 6. Nxc6 bxc6 7. Bd3 d5 8.
exd5 cxd5 9. O-O O-O 10. Bg5 c6 11. Ne2 h6 12. Bh4 Bd6 13. Kh1 Rb8 14. b3 c5
15. c3 Bg4 16. f3 Bd7 17. Re1 Re8 18. Qd2 Rb6 19. Rad1 Bb8 20. Bf2 1/2-1/2

[Event "3MCR_4D_1L_2S"]
[Site "?"]
[Date "1999.??.??"]
[Round "2"]
[White "Matousek, Jan_ml."]
[Black "Urbanek, Stepan"]
[Result "1-0"]
[WhiteElo "2240"]
[BlackElo "2405"]
[PlyCount "51"]
[EventDate "1999.??.??"]
[EventType "corr"]

1. d4 Nf6 2. c4 e6 3. Nc3 Bb4 4. e3 c5 5. a3 Bxc3+ 6. bxc3 Nc6 7. Bd3 O-O 8. e4
d6 9. Nf3 e5 10. d5 Ne7 11. O-O Ng6 12. Qc2 Bg4 13. Ne1 Nf4 14. Bxf4 exf4 15.
f3 Bc8 16. Qd2 g5 17. g3 Nh5 18. Kf2 Qf6 19. g4 Ng7 20. h4 h5 21. Rh1 Bxg4 22.
fxg4 hxg4 23. Ng2 Qe5 24. hxg5 f5 25. exf5 Nxf5 26. Rae1 1-0

[Event "3MCR_4D_1L_2S"]
[Site "?"]
[Date "1999.??.??"]
[Round "2"]
[White "Odehnal, Miroslav"]
[Black "Matousek, Jan_st."]
[Result "1/2-1/2"]
[WhiteElo "2450"]
[BlackElo "2230"]
[PlyCount "59"]
[EventDate "1999.??.??"]
[EventType "corr"]

1. e4 c5 2. Nf3 d6 3. d4 cxd4 4. Nxd4 Nf6 5. Nc3 a6 6. Bg5 e6 7. f4 Qb6 8. Qd2
Qxb2 9. Rb1 Qa3 10. f5 Nc6 11. fxe6 fxe6 12. Nxc6 bxc6 13. Be2 Be7 14. O-O O-O
15. Kh1 d5 16. exd5 Nxd5 17. Ne4 Rxf1+ 18. Rxf1 Bxg5 19. Qxg5 Qe7 20. Qg3 e5
21. Bd3 g6 22. Ng5 Be6 23. Qxe5 Bf5 24. Qg3 Bxd3 25. cxd3 Rf8 26. Rxf8+ Qxf8
27. Qe1 Qe7 28. Ne4 Qb4 29. Qxb4 Nxb4 30. Nc5 1/2-1/2

[Event "3MCR_4D_1L_2S"]
[Site "?"]
[Date "1999.??.??"]
[Round "2"]
[White "Pfeifer, Miroslav"]
[Black "Matousek, Jan_st."]
[Result "1-0"]
[WhiteElo "2255"]
[BlackElo "2230"]
[PlyCount "47"]
[EventDate "1999.??.??"]
[EventType "corr"]

1. e4 c5 2. f4 d5 3. exd5 Qxd5 4. Nc3 Qd8 5. Nf3 Nf6 6. Ne5 e6 7. b3 Be7 8. Bb2
O-O 9. Bd3 Nfd7 10. Qe2 Nxe5 11. fxe5 Nc6 12. O-O-O a6 13. Rhf1 Qc7 14. Rde1 b5
15. Rf3 Nd4 16. Bxh7+ Kxh7 17. Rh3+ Kg8 18. Qh5 f5 19. exf6 Rxf6 20. Ne4 Rf4
21. Qh7+ Kf8 22. g3 Rxe4 23. Qxe4 Rb8 24. Bxd4 1-0

[Event "3MCR_4D_1L_2S"]
[Site "?"]
[Date "1999.??.??"]
[Round "2"]
[White "Sohr, Vladimir"]
[Black "Pfeifer, Miroslav"]
[Result "0-1"]
[WhiteElo "2255"]
[BlackElo "2255"]
[PlyCount "46"]
[EventDate "1999.??.??"]
[EventType "corr"]

1. e4 e5 2. Nf3 Nc6 3. Bb5 f5 4. Nc3 fxe4 5. Nxe4 Nf6 6. Nxf6+ Qxf6 7. Qe2 Be7
8. Bxc6 dxc6 9. Nxe5 Bf5 10. d3 O-O 11. O-O Rae8 12. Nc4 Qg6 13. Kh1 Bf6 14.
Qd2 Be6 15. Ne3 Be5 16. Re1 Qh5 17. Nf1 Bd5 18. d4 Qh4 19. Rxe5 Rxe5 20. Kg1
Re6 21. Ne3 Ref6 22. f3 Bxf3 23. gxf3 Rg6+ 0-1

[Event "3MCR_4D_1L_2S"]
[Site "?"]
[Date "1999.??.??"]
[Round "2"]
[White "Zatloukal, Petr"]
[Black "Kopec, Ladislav"]
[Result "1-0"]
[WhiteElo "2000"]
[BlackElo "2280"]
[PlyCount "45"]
[EventDate "1999.??.??"]
[EventType "corr"]

1. e4 c5 2. Nc3 Nc6 3. g3 g6 4. Bg2 Bg7 5. d3 d6 6. Be3 Rb8 7. Qd2 b5 8. f4 e6
9. e5 Nd4 10. Ne4 dxe5 11. fxe5 Bxe5 12. c3 Bc7 13. Nh3 e5 14. O-O Ne6 15. Nxc5
Nxc5 16. Bxc5 Bb6 17. b4 f6 18. d4 exd4 19. cxd4 Kf7 20. Rae1 Bxh3 21. Bxh3 Rb7
22. Re3 Kg7 23. Rfe1 1-0

[Event "3MCR_4D_1L_2S"]
[Site "?"]
[Date "1999.??.??"]
[Round "2"]
[White "Cerny, Jan"]
[Black "Matousek, Jan_st."]
[Result "1/2-1/2"]
[WhiteElo "2350"]
[BlackElo "2230"]
[PlyCount "52"]
[EventDate "1999.??.??"]
[EventType "corr"]

1. d4 Nf6 2. Nf3 g6 3. Bg5 Bg7 4. Nbd2 d5 5. e3 O-O 6. b4 Nbd7 7. Be2 Re8 8.
O-O e5 9. c4 exd4 10. Nxd4 dxc4 11. Nxc4 h6 12. Bxf6 Nxf6 13. Qb3 Qe7 14. Rfd1
Bg4 15. Bxg4 Nxg4 16. h3 Nf6 17. Rac1 Rad8 18. b5 Ne4 19. Na5 Qf6 20. Qc2 Qb6
21. Nab3 Be5 22. a4 a6 23. a5 Qf6 24. bxa6 Qxa6 25. Nc5 Nxc5 26. Qxc5 c6
1/2-1/2

[Event "3MCR_4D_1L_2S"]
[Site "?"]
[Date "1999.??.??"]
[Round "2"]
[White "Zatloukal, Petr"]
[Black "Matousek, Jan_st."]
[Result "1/2-1/2"]
[WhiteElo "2000"]
[BlackElo "2230"]
[PlyCount "51"]
[EventDate "1999.??.??"]
[EventType "corr"]

1. e4 c5 2. Nc3 Nc6 3. g3 g6 4. Bg2 Bg7 5. d3 d6 6. Be3 e5 7. Qd2 Be6 8. f4
Nge7 9. Nf3 Nd4 10. O-O O-O 11. Ng5 exf4 12. Bxf4 Nec6 13. a3 Ne5 14. Nxe6 fxe6
15. Ne2 Nxe2+ 16. Qxe2 Qb6 17. Bh3 Rae8 18. Bxe5 dxe5 19. Kg2 c4 20. dxc4 Rxf1
21. Rxf1 Qxb2 22. Qd3 Qd4 23. Rf3 Bf8 24. a4 Bc5 25. Qxd4 Bxd4 26. Kf1 1/2-1/2

[Event "3MCR_4D_1L_2S"]
[Site "?"]
[Date "1999.??.??"]
[Round "2"]
[White "Matousek, Jan_st."]
[Black "Hlavac, Frantisek"]
[Result "1/2-1/2"]
[WhiteElo "2240"]
[BlackElo "2200"]
[PlyCount "56"]
[EventDate "1999.??.??"]
[EventType "corr"]

1. d4 Nf6 2. c4 g6 3. Nc3 Bg7 4. e4 d6 5. Nf3 O-O 6. Be2 c5 7. O-O cxd4 8. Nxd4
Nbd7 9. Be3 Re8 10. f4 b6 11. Bf3 Bb7 12. e5 Bxf3 13. Qxf3 dxe5 14. Nc6 Qc8 15.
Nxe5 Nxe5 16. fxe5 Ng4 17. Qxf7+ Kh8 18. Bd4 Nxe5 19. Bxe5 Bxe5 20. Rae1 Bf6
21. Rf3 Qc5+ 22. Kh1 Rf8 23. Qd5 Qb4 24. Qb5 Qxb5 25. Nxb5 Bxb2 26. Rxe7 Rfe8
27. Rff7 Rxe7 28. Rxe7 a6 1/2-1/2

[Event "3MCR_4D_1L_2S"]
[Site "?"]
[Date "1999.??.??"]
[Round "2"]
[White "Cerny, Jan"]
[Black "Hlavac, Frantisek"]
[Result "1/2-1/2"]
[WhiteElo "2350"]
[BlackElo "2200"]
[PlyCount "52"]
[EventDate "1999.??.??"]
[EventType "corr"]

1. d4 Nf6 2. Nf3 g6 3. Bg5 Bg7 4. Nbd2 d5 5. e3 O-O 6. b4 a5 7. b5 c5 8. bxc6
bxc6 9. Rb1 c5 10. Bd3 cxd4 11. Nxd4 e5 12. Nb5 Nc6 13. O-O Be6 14. c4 Nb4 15.
cxd5 Nbxd5 16. Qe2 h6 17. Bh4 Rb8 18. Rfd1 Rxb5 19. Bxb5 Nc3 20. Qe1 Nxb1 21.
Ne4 Qb6 22. Bxf6 Bxa2 23. Qe2 Rb8 24. Qxa2 Qxb5 25. Qa1 Qb2 26. Qxa5 Qc2
1/2-1/2

[Event "3MCR_4D_1L_2S"]
[Site "?"]
[Date "1999.??.??"]
[Round "2"]
[White "Cerny, Jan"]
[Black "Pesa, Ladislav"]
[Result "1/2-1/2"]
[WhiteElo "2350"]
[BlackElo "2340"]
[PlyCount "57"]
[EventDate "1999.??.??"]
[EventType "corr"]

1. d4 Nf6 2. Nf3 d5 3. c4 e6 4. Nc3 c5 5. cxd5 Nxd5 6. e3 Nc6 7. Bd3 cxd4 8.
exd4 Be7 9. O-O O-O 10. Re1 Bf6 11. Be4 Nce7 12. Ne5 Bd7 13. Qd3 g6 14. Bh6 Bg7
15. Bxg7 Kxg7 16. Bxd5 exd5 17. h3 f6 18. Nf3 Re8 19. Re2 Qa5 20. Rae1 Nc6 21.
a3 Rxe2 22. Rxe2 Re8 23. Rxe8 Bxe8 24. g4 Bf7 25. Kg2 a6 26. Ne2 Qd8 27. b4 Qd6
28. Nd2 a5 29. Qb5 1/2-1/2